Top 20 meilleurs buteurs 2022 (année civil) - Statistiques

Statistiques générales
  • Ce quiz a été pris 1 140 fois
  • Le résultat moyen est 13 sur 20
Statistiques - réponses
Top Nationalité Nb Buts Joueur % Correct
1 France 44 Kylian Mbappé
100%
3 Norvège 37 Erling Haaland
99%
2 Pologne 38 Robert Lewandowski
97%
6 Angleterre 30 Harry Kane
94%
10 Egypte 25 Mohamed Salah
94%
9 Sénégal 25 Sadio Mané
92%
8 Brésil 25 Neymar
91%
5 France 31 Karim Benzema
90%
17 Corée du Sud 20 Heung-min Son
88%
20 France 19 Olivier Giroud
79%
11 Italie 23 Ciro Immobile
66%
19 Nigéria 19 Victor Osimhen
64%
18 Brésil 20 Vinicius Junior
63%
4 France 37 Christopher Nkunku
54%
15 France 20 Moussa Dembélé
54%
14 Argentine 22 Lautaro Martínez
50%
7 France 29 Wissam Ben Yedder
45%
12 France 23 Martin Terrier
11%
13 Angleterre 22 Ivan Toney
7%
16 Espagne 20 Borja Iglesias
3%
Aucun quiz correspondant
Distribution des résultats
% des personnes avec chaque résultat
Percentile par nombre de réponses
Votre historique - résultats
Vous n’avez pas pris ce quiz